[Event "Kurnosov Memorial 2020"]
[Site "?"]
[Date "2020.09.06"]
[Round "11.12"]
[White "Matinian, Nikita"]
[Black "Kokarev, Dmitry"]
[Result "0-1"]
[WhiteElo "2455"]
[BlackElo "2648"]
[PlyCount "82"]
[EventDate "2020.??.??"]

1. e4 c5 2. Nf3 d6 3. d4 Nf6 4. Nc3 cxd4 5. Nxd4 a6 6. h3 e5 7. Nde2 b5 8. g4
b4 9. Nd5 Nxd5 10. exd5 h5 11. g5 Be7 12. f4 exf4 13. Bxf4 Bxg5 14. Bxg5 Qxg5
15. Qd4 O-O 16. Rg1 Qe5 17. Qxb4 Bf5 18. O-O-O Rc8 19. Nd4 Qe3+ 20. Qd2 Rxc2+
21. Nxc2 Qxg1 22. Nd4 Qg6 23. Nxf5 Qxf5 24. Bd3 Qf6 25. Rf1 Qh4 26. Qc2 Nd7 27.
Qc6 Rd8 28. Qxd6 Qg5+ 29. Kb1 Ne5 30. Qxa6 Nxd3 31. Qxd3 Rxd5 32. Qf3 Qg6+ 33.
Ka1 Rd3 34. Qa8+ Kh7 35. Qc8 Rf3 36. Rc1 Qe4 37. a3 f5 38. Qd7 Rxh3 39. a4 Rd3
40. Qb5 Rd5 41. Qb3 Rd4 0-1